Counter-Strike Players, who won a Major - Statistics

General Stats
  • This quiz has been taken 15 times
  • The average score is 65 of 73
Answer Stats
Number of Majors (as a player) Teams Country Player % Correct
1 Natus Vincere Finland Aleksib
100%
4 Envy, Vitality France apEX
100%
2 Natus Vincere Ukraine b1t
100%
1 Natus Vincere Russia Boombl4
100%
1 FaZe Latvia broky
100%
1 Spirit Russia chopper
100%
2 Luminosity, SK Brazil coldzera
100%
4 Astralis Denmark device
100%
1 Spirit Russia donk
100%
5 Astralis, Vitality Denmark dupreeh
100%
1 Natus Vincere Russia electroNic
100%
1 Ninjas in Pyjamas Sweden f0rest
100%
1 Outsiders Russia fame
100%
2 Vitality Israel flameZ
100%
1 Ninjas in Pyjamas Sweden GeT_RiGhT
100%
4 Astralis Denmark gla1ve
100%
2 LDLC, Envy France Happy
100%
1 Gambit Kazakhstan HObbit
100%
1 Natus Vincere Romania iM
100%
1 Outsiders Russia Jame
100%
1 Natus Vincere Lithuania jL
100%
1 FaZe Denmark karrigan
100%
1 Envy France kennyS
100%
4 Astralis, Vitality Denmark Magisk
100%
1 Spirit Russia magixx
100%
2 Vitality United Kingdom mezii
100%
1 Virtus.pro Poland NEO
100%
1 Virtus.pro Poland pashaBiceps
100%
1 FaZe Norway rain
100%
3 FaZe, Vitality Estonia ropz
100%
1 Natus Vincere Ukraine s1mple
100%
1 Spirit Russia sh1ro
100%
1 Virtus.pro Poland Snax
100%
1 Cloud9 United States Stewie2K
100%
1 FaZe Canada Twistzz
100%
1 Natus Vincere Ukraine w0nderful
100%
4 Astralis Denmark Xyp9x
100%
1 Gambit Ukraine Zeus
100%
1 Spirit Ukraine zont1x
100%
3 Vitality France ZywOo
100%
2 Luminosity, SK Brazil FalleN
86%
1 Outsiders Russia FL1T
86%
3 fnatic Sweden flusha
86%
1 Ninjas in Pyjamas Sweden friberg
86%
1 Outsiders Russia n0rb3r7
86%
2 fnatic Sweden olofmeister
86%
1 Natus Vincere Russia Perfecto
86%
1 Cloud9 United States RUSH
86%
1 LDLC France shox
86%
1 Cloud9 United States Skadoodle
86%
1 Vitality Israel Spinx
86%
2 Luminosity, SK Brazil TACO
86%
1 Cloud9 United States tarik
86%
1 Virtus.pro Poland TaZ
86%
1 Gambit Kazakhstan AdreN
71%
1 Cloud9 United States autimatic
71%
1 Virtus.pro Poland byali
71%
1 fnatic Sweden Devilwalk
71%
1 Gambit Russia Dosia
71%
2 Luminosity, SK Brazil fer
71%
1 Ninjas in Pyjamas Sweden Fifflaren
71%
2 Luminosity, SK Brazil fnx
71%
3 fnatic Sweden JW
71%
1 Astralis Denmark Kjaerbye
71%
2 fnatic Sweden KRIMZ
71%
1 Gambit Kazakhstan mou
71%
3 fnatic Sweden pronax
71%
1 Outsiders Kazakhstan Qikert
71%
1 LDLC France SmithZz
71%
1 Ninjas in Pyjamas Sweden Xizt
71%
2 LDLC, Envy France kioShiMa
57%
2 LDLC, Envy France NBK-
57%
1 fnatic Sweden znajder
43%
No matching quizzes found
Score Distribution
Percent of People with Each Score
Percentile by Number Answered
Your Score History
You have not taken this quiz